Organizational behavior : (Record no. 54647)

MARC details
000 -LEADER
fixed length control field 01291nam a22003377a 4500
005 - DATE AND TIME OF LATEST TRANSACTION
control field 2011080208158.0
008 - FIXED-LENGTH DATA ELEMENTS--GENERAL INFORMATION
fixed length control field 110802t xxu||||| |||| 00| 0 eng d
010 ## - LCCN (DPL NO)
LC control number ENG-103181
020 ## - INTERNATIONAL STANDARD BOOK NUMBER
International Standard Book Number 9780071332583
Terms of availability 525.00
020 ## - INTERNATIONAL STANDARD BOOK NUMBER
International Standard Book Number 0071332588
Terms of availability 525.00
035 ## - SYSTEM CONTROL NUMBER
System control number EN-86714
037 ## - SOURCE OF ACQUISITION
Source of stock number/acquisition DBAD / PUB
040 ## - CATALOGING SOURCE
Original cataloging agency dpl
Language of cataloging English
082 ## - DEWEY DECIMAL CLASSIFICATION NUMBER
Classification number 658.3
100 ## - MAIN ENTRY--PERSONAL NAME
Personal name Colquitt, Jason A.
9 (RLIN) 29868
245 ## - TITLE STATEMENT
Title Organizational behavior :
Statement of responsibility, etc by Jason A. Colquitt, Jeffery A. LePine [and] Michael J.
Remainder of title improving performance and commitment in the workplace /
260 ## - PUBLICATION, DISTRIBUTION, ETC. (IMPRINT)
Place of publication, distribution, etc New Delhi
Name of publisher, distributor, etc Tata McGraw Hill
Date of publication, distribution, etc 2011
270 ## - ADDRESS
Address 7, West Patel Nagar
City New Delhi
Postal code 110002
300 ## - PHYSICAL DESCRIPTION
Extent xxi,617p. :
Dimensions 25cm (pbk)
Other physical details ill.
500 ## - GENERAL NOTE
General note Includes bibliographical references and indexes
650 ## - SUBJECT ADDED ENTRY--TOPICAL TERM
9 (RLIN) 29869
Topical term or geographic name as entry element Organizational behavior.
650 ## - SUBJECT ADDED ENTRY--TOPICAL TERM
Topical term or geographic name as entry element Personnel management.
9 (RLIN) 30711
650 ## - SUBJECT ADDED ENTRY--TOPICAL TERM
Topical term or geographic name as entry element Strategic planning.
9 (RLIN) 30712
650 ## - SUBJECT ADDED ENTRY--TOPICAL TERM
Topical term or geographic name as entry element Consumer satisfaction.
9 (RLIN) 30713
650 ## - SUBJECT ADDED ENTRY--TOPICAL TERM
Topical term or geographic name as entry element Job satisfaction.
9 (RLIN) 30726
651 ## - SUBJECT ADDED ENTRY--GEOGRAPHIC NAME
9 (RLIN) 1549
700 ## - ADDED ENTRY--PERSONAL NAME
9 (RLIN) 29871
Personal name LePine, Jeffery A.
700 ## - ADDED ENTRY--PERSONAL NAME
Personal name Wesson, Michael J.
9 (RLIN) 30727
942 ## - ADDED ENTRY ELEMENTS (KOHA)
Source of classification or shelving scheme Dewey Decimal Classification
Item type English Books
Classification part 658.3
Call number suffix COL
Holdings
Withdrawn status Lost status Source of classification or shelving scheme Damaged status Not for loan Collection code Home library Current library Date acquired Source of acquisition Cost, normal purchase price Total Checkouts Full call number Barcode Date last seen Copy number Cost, replacement price Koha item type
    Dewey Decimal Classification   Not For Loan Non-fiction D.B.Act.Division D.B.Act.Division 02/08/2011 DBAD/PUB 525.00   658.3 COL EN-86714 02/08/2011 1 525.00 English Books

© Delhi Public Library
Hit Counter
free hit counter